000 01852nam a2200289Ia 4500
999 _c55033
_d55033
001 22108
003 GE_BSU
005 20221026172514.0
008 181216s ||||ge |||||||||||||| ||geo||
020 _a9789941133367
040 _cGE_BSU
041 _ageo
080 _a821.353.1.09 ბ-26
100 _aბარბაქაძე, თამარ
_95794
245 _aქართული ლექსმცოდნეობა /
_cთამარ ბარბაქაძე ; რედ. თამარ ლომიძე.
264 _aთბილისი :
_bთბილ. უნ-ტის გამ-ბა,
_c2014.
300 _a437გვ. ;
_c21სმ.
500 _aწიგნი განკუთვნილია ჰუმანიტარულ მეცნიერებათა ფაკულტეტის მაგისტრანტთათვის და ქართული ლექსით დაინტერესებული მკითხველისათვის
501 _aკითხვარი მაგისტრანტებისათვის გვ. 428-436
504 _aბიბლიოგრაფია გვ. : 413-427
541 _h11ლ.50თ.
653 _aქართული ლექსმცოდნეობა
653 _aქართული ლიტერატურა
653 _aწიგნი განკუთვნილია ჰუმანიტარულ მეცნიერებათა ფაკულტეტის მაგისტრანტთათვის და ქართული ლექსით დაინტერესებული მკითხველისათვის
700 _aლომიძე, თამარ
_eრედაქტორი
_913566
942 _cBK
_2udc